zpět

Detail výsledku týmu

U sv. Filipa a Jakuba, Praha

Datum a čas kvízu

34.5 Celkem bodů Celkový počet nahraných bodů na tomto kvízu bez doplňovacích otázek.
3. Pořadí na kvízu Konečné umístění týmu na tomto kvízu.

Zaznamenané odpovědi

# Otázka Odpověď Body Výsledky
5. Akrobat Roman Kramařík jako pr... 1
4. Společnost Twitter na své inte... 0
2. Chystaná premiéra jednoho muzi... 0
1. Obchodní řetězec Kaufland se n... 1
5. Fotbalisté v jisté evropské ze... 0
10. Jak se jmenuje vítězka US Open... 1
7. Ve kterém městě došlo v prosin... 1
7. Jak nazýváme druh úderu, při k... 1
9. Který z povrchů, na kterých se... 1
10. K našim nejlepším tenistkám se... 0